000 00455nam a2200193Ia 4500
003 0100
008 130303s9999 xx 000 0 und d
040 _cARRUPELIB
050 _aBX8301962.A8A331 2006
100 _aAlberigo, Giuseppe
245 2 _aA brief history of vatican 2
260 _aNew York
260 _bOrbis Books
260 _C2006
300 _aviii
300 _b 141p. 24cm.
700 _aSherry Matthew tr.
942 _2lcc
_03
999 _c61518
_d61518